000 00651nam a2200205Ia 4500
003 GCL
008 140319s9999 xx 000 0 ara d
040 _aGCL /
_cGCL
082 0 4 _a811.1
_bع ل
100 1 _aعبدالعزيز ابراهيم
245 1 0 _aلامية العرب للشنفرى /
_cعبدالعزيز ابراهيم
260 _a[S.N] :
_bدار الشئون الثقافية ،
_c1988
300 _a150 ص
490 _aالموسوعة الصغيرة
_v0
650 0 4 _aالشعر العربى
650 0 4 _aالادب العربى
650 0 4 _aدواوين وقصائد
650 0 4 _aتاريخ ونقد
942 _2ddc
_cBK
999 _c36846
_d36846